000 00643cam a2200241 i 4500
001 323278
005 20180118051305.0
008 741219s1974 enk b 001 0 eng
010 _a 74194018
015 _aGB74-07051
020 _a0233965254 :
_c£3.25
040 _aDLC
_cDLC
_dDLC
041 _aeng
043 _an-us---
080 _a338.973 KEN
082 0 0 _a338.973 KEN
100 1 _a52
101 _aECO
245 1 0 _aEconomics and the public purpose /
_c[by] John Kenneth Galbraith.
504 _aIncludes bibliographical references and index.
906 _a7
_bcbc
_corignew
_d3
_encip
_f19
_gy-gencatlg
942 _2ddc
_cBK
999 _c40460
_d40460